Statistics for Eminem-Marshall Mathers LP2 Tracks

Click here to take the quiz!

General Stats

  • This quiz has been taken 160 times
  • The average score is 8 of 16

Answer Stats

HintTracks% Correct
Rap God
85%
Bad Guy
74%
Berzerk
68%
Survival
63%
Legacy
62%
Headlights
61%
A**hole
56%
Love Game
56%
So Far...
54%
So Much Better
54%
Rhyme or Reason
52%
Brainless
50%
Stronger Than I Was
49%
Parking Lot (skit)
32%
Evil Ways
8%
The Monter
3%

Score Distribution

Percentile by Number Answered

Percent of People with Each Score

Your Score History

You have not taken this quiz